<?xml version="1.0" encoding="UTF-8"?>
<marc:record xmlns:marc="http://www.loc.gov/MARC21/slim">
   <marc:leader>00000nam a2200000 a 4500</marc:leader>
   <marc:datafield ind1="1" ind2=" " tag="100">
      <marc:subfield code="a">Stark, Ulf</marc:subfield>
      <marc:subfield code="4">aut</marc:subfield>
      <marc:subfield code="e">Verfasser/-in</marc:subfield>
   </marc:datafield>
   <marc:datafield ind1="1" ind2=" " tag="100">
      <marc:subfield code="a">Kehn, Regina</marc:subfield>
   </marc:datafield>
   <marc:datafield ind1=" " ind2=" " tag="653">
      <marc:subfield code="a">Urlaub</marc:subfield>
   </marc:datafield>
   <marc:datafield ind1="0" ind2="0" tag="245">
      <marc:subfield code="a">Ein Sommer mit Percy und Buffalo Bill</marc:subfield>
   </marc:datafield>
   <marc:datafield ind1="0" ind2="0" tag="245">
      <marc:subfield code="c">Ulf Stark. Regina Kehn</marc:subfield>
   </marc:datafield>
   <marc:datafield ind1=" " ind2="1" tag="264">
      <marc:subfield code="a">Stuttgart</marc:subfield>
      <marc:subfield code="b">Urachhaus</marc:subfield>
      <marc:subfield code="c">2021</marc:subfield>
   </marc:datafield>
   <marc:datafield ind1="1" ind2=" " tag="520">
      <marc:subfield code="a">Stark, wild und frei: ein Kindheitssommer!Dieser Percy! Lädt sich einfach selber ein. Dabei mag Ulfs Großvater keinesfalls noch ein Gör in den Ferien zu Gast haben. Und prompt stellt Percy Ulfs Ferienleben auf den Kopf. Wenn auch nicht wie gedacht, die Freunde, Pia und der jähzornige Großvater finden den einfallsreichen Frechdachs nämlich toll. Und Percy liest Buffalo Bill und wagt das Unmögliche ... Ein Sommer, so würzig, so voller verrückter Einfälle, so dramatisch und großartig, wie ein Kindheitssommer nur sein kann! Ulf Stark erzählt dieses Freundschafts-Sommerabenteuer in seinem unverwechselbaren Ton: schelmisch und liebevoll, mal urkomisch, mal todernst. Regina Kehn verleiht der Geschichte mit ihren frischen, witzigen und ausdrucksvollen Bildern dazu das Gesicht eines neuen Lieblingsbuchs.</marc:subfield>
   </marc:datafield>
   <marc:datafield ind1=" " ind2=" " tag="020">
      <marc:subfield code="a">9783825152833</marc:subfield>
      <marc:subfield code="9">9783825152833</marc:subfield>
   </marc:datafield>
   <marc:datafield ind1=" " ind2=" " tag="041">
      <marc:subfield code="a">ger</marc:subfield>
   </marc:datafield>
   <marc:datafield ind1=" " ind2=" " tag="300">
      <marc:subfield code="b">Mit Bildern von Regina Kehn.</marc:subfield>
   </marc:datafield>
   <marc:datafield ind1="1" ind2=" " tag="521">
      <marc:subfield code="a">0</marc:subfield>
   </marc:datafield>
   <marc:datafield ind1=" " ind2=" " tag="300">
      <marc:subfield code="a">285 Seiten</marc:subfield>
   </marc:datafield>
</marc:record>
